| 000 | 00902nam a22002417a 4500 | ||
|---|---|---|---|
| 005 | 20210325204558.0 | ||
| 008 | s2553 th thaeng | ||
| 020 | _a9748239004 | ||
| 041 | _athaeng | ||
| 050 |
_aBQ4570.L5 พ349ธ _b 2553 |
||
| 100 | 0 | _aอีแวนส์, บรูส, ผู้แปล | |
| 245 | 1 | 0 | _aธรรมนูญชีวิต : A Constitution for Living |
| 260 | 3 |
_aกรุงเทพฯ : _bสหธรรมิก, _c2553 |
|
| 300 |
_a85 หน้า ; _b 21 ซม |
||
| 650 | 0 | 4 | _aธรรมะกับชีวิตประจำวัน |
| 650 | 0 | 4 | _aDhamma (Buddhism) |
| 650 | 0 | 4 | _aReligious life -- Buddhism |
| 850 | _aNALT | ||
| 942 |
_cGB _01 |
||
| 997 | _aบ22975 | ||
| 997 | _c000000000061236 | ||
| 998 | _aนางสาวสุพันดา สุภาพ | ||
| 999 |
_c61236 _d61236 |
||